00257nam a2200109Ia 4500008004100000100001700041245004100058250000900099260002300108300000800131650000800139191201s2011 xx 000 0 und d aKAZMI, Azhar 0aStrategic Management Business Policy aRep. aN.DelhibTMHc2011 a698 aMBA